Rural change and planning (Record no. 87537)

MARC details
000 -LEADER
fixed length control field 01223cam a2200277 4500
008 - FIXED-LENGTH DATA ELEMENTS--GENERAL INFORMATION
fixed length control field 090401t1996 xxu||||| |||| 00| 0 eng d
020 ## - INTERNATIONAL STANDARD BOOK NUMBER
International Standard Book Number 0419180001
035 ## - SYSTEM CONTROL NUMBER
System control number (Sirsi) u17686
041 ## - LANGUAGE CODE
Language code of text/sound track or separate title eng
050 ## - LIBRARY OF CONGRESS CALL NUMBER
Classification number 333.76
-- 18
100 ## - MAIN ENTRY--PERSONAL NAME
Personal name Cherry, Gordon E.
245 ## - TITLE STATEMENT
Title Rural change and planning
Remainder of title England and Wales in the twentieth century
260 ## - PUBLICATION, DISTRIBUTION, ETC.
Place of publication, distribution, etc. London
Name of publisher, distributor, etc. E and F. N. Spon
Date of publication, distribution, etc. 1996
300 ## - PHYSICAL DESCRIPTION
Extent xiii, 29p.
Dimensions 24cm.
490 ## - SERIES STATEMENT
Series statement Spon Studies in History Planning and the Environment
Volume/sequential designation 19
520 ## - SUMMARY, ETC.
Summary, etc. Provides a critical overview of rural change over the 80 years since the Great War, making clear the origins of present-day policy. Also provides a structural integration for the man diverse themes which must be interwoven in order to understand current conditions. Aimed at both the planner who is too often ignorant of the historical development of the agricultural economy and the conservation expert who knows little of the tradition of rural community development.
650 ## - SUBJECT ADDED ENTRY--TOPICAL TERM
Topical term or geographic name entry element HISTORY
650 ## - SUBJECT ADDED ENTRY--TOPICAL TERM
Topical term or geographic name entry element RURAL AREAS
650 ## - SUBJECT ADDED ENTRY--TOPICAL TERM
Topical term or geographic name entry element RURAL CHANGE
650 ## - SUBJECT ADDED ENTRY--TOPICAL TERM
Topical term or geographic name entry element RURAL COMMUNITIES
650 ## - SUBJECT ADDED ENTRY--TOPICAL TERM
Topical term or geographic name entry element RURAL ECONOMY
690 ## - LOCAL SUBJECT ADDED ENTRY--TOPICAL TERM (OCLC, RLIN)
Topical term or geographic name as entry element RURAL PRACTICE
700 ## - ADDED ENTRY--PERSONAL NAME
Personal name Rogers, Alan
942 ## - ADDED ENTRY ELEMENTS (KOHA)
Suppress in OPAC 0
948 ## - LOCAL PROCESSING INFORMATION (OCLC); SERIES PART DESIGNATOR (RLIN)
c (OCLC) 04/03/1997
Holdings
Withdrawn status Lost status Source of classification or shelving scheme Damaged status Not for loan Home library Current library Shelving location Date acquired Cost, normal purchase price Total Checkouts Full call number Barcode Date last seen Date last checked out Copy number Cost, replacement price Price effective from Koha item type
    Dewey Decimal Classification     London London Books 31/07/1996 33.58 7 333.76 30050114 06/08/2019 12/02/2007 1 33.58 06/08/2019 Book